State Capitals Containing the Letter F - Statistics

General Stats
  • This quiz has been taken 77 times
  • The average score is 5 of 5
Answer Stats
Answer % Correct
Frankfort
100%
Santa Fe
100%
Jefferson City
91%
Hartford
89%
Springfield
86%
No matching quizzes found
Score Distribution
Percent of People with Each Score
Percentile by Number Answered
Your Score History
You have not taken this quiz